Potujanaṃ palavidhaṃ. (Record no. 86231)

MARC details
000 -LEADER
fixed length control field 00531cam a22002171 4500
001 - CONTROL NUMBER
control field sa 68015099
003 - CONTROL NUMBER IDENTIFIER
control field DLC
005 - DATE AND TIME OF LATEST TRANSACTION
control field 20260227112640.0
008 - FIXED-LENGTH DATA ELEMENTS--GENERAL INFORMATION
fixed length control field 950203m19641968ii a 000 0 malo
010 ## - LIBRARY OF CONGRESS CONTROL NUMBER
LC control number sa 68015099
025 ## - OVERSEAS ACQUISITION NUMBER
Overseas acquisition number PL480:I-Mal-1442
035 ## - SYSTEM CONTROL NUMBER
System control number (OCoLC)31932020
040 ## - CATALOGING SOURCE
Original cataloging agency DLC
Transcribing agency CU
Modifying agency CU
-- DLC
042 ## - AUTHENTICATION CODE
Authentication code premarc
050 00 - LIBRARY OF CONGRESS CALL NUMBER
Classification number PN6222.I5
Item number S77
100 0# - MAIN ENTRY--PERSONAL NAME
Personal name Sukumar,
Dates associated with a name 1932-
245 10 - TITLE STATEMENT
Title Potujanaṃ palavidhaṃ.
260 ## - PUBLICATION, DISTRIBUTION, ETC.
Date of publication, distribution, etc. [1964-68]
300 ## - PHYSICAL DESCRIPTION
Extent 2v. in 1.
Other physical details illus.
Dimensions 18cm.
500 ## - GENERAL NOTE
General note In Malayalam.

No items available.

Powered by Koha